| 000 | 00474nam a2200133Ia 4500 | ||
|---|---|---|---|
| 008 | 170221s9999 xx 000 0 und d | ||
| 100 | _aNicholas P. Marudas | ||
| 245 | _aDo donors implicitly ignore fixed assets when assessing nonprofit organizational wealth? | ||
| 245 | _cNicholas P. Marudas, Mercer University. | ||
| 260 | _bJournal of Management and Marketing Research | ||
| 260 | _c2014 | ||
| 650 | _xBusiness | ||
| 856 | _uhttp://www.aabri.com/manuscripts/131703.pdf | ||
| 999 |
_c309456 _d309456 |
||